[Event "Azerbaijan Chess Championship2015 - Men"]
[Site ""]
[Date "2015.01.13"]
[Round "7"]
[Board "7"]
[White "Heydarli, Kanan"]
[Black "Mammadov, Zaur"]
[Result "1/2-1/2"]
[WhiteElo "2273"]
[BlackElo "2487"]
[PlyCount "0"]
[EventDate "2015.01.06"]
[EventRounds "9"]
[EventCountry "AZE"]

1. d4 {[%clk 1:30:57]} Nf6 {[%clk 1:30:55]} 2. Nf3 {[%clk 1:31:22]} c5
{[%clk 1:31:17]} 3. dxc5 {[%clk 1:31:47]} e6 {[%clk 1:31:40]} 4. c4
{[%clk 1:31:44]} Bxc5 {[%clk 1:32:04]} 5. Nc3 {[%clk 1:32:08]} O-O
{[%clk 1:32:20]} 6. e3 {[%clk 1:32:33]} Nc6 {[%clk 1:32:29]} 7. Be2
{[%clk 1:32:59]} d5 {[%clk 1:32:53]} 8. cxd5 {[%clk 1:33:25]} exd5
{[%clk 1:33:18]} 9. O-O {[%clk 1:33:53]} Be6 {[%clk 1:32:22]} 10. b3
{[%clk 1:33:53]} Qe7 {[%clk 1:32:39]} 11. Nb5 {[%clk 1:30:20]} Ne4
{[%clk 1:30:47]} 12. Bb2 {[%clk 1:29:51]} Rac8 {[%clk 1:29:42]} 13. Rc1
{[%clk 1:28:21]} Rfd8 {[%clk 1:29:34]} 14. Nbd4 {[%clk 1:26:32]} Bd6
{[%clk 1:26:41]} 15. Qd3 {[%clk 1:21:50]} h6 {[%clk 1:10:30]} 16. Rfd1
{[%clk 1:16:58]} Bb8 {[%clk 1:01:45]} 17. Qb1 {[%clk 1:10:26]} Ne5
{[%clk 0:50:46]} 18. Nxe6 {[%clk 1:07:16]} Qxe6 {[%clk 0:49:13]} 19. Bxe5
{[%clk 1:06:33]} Bxe5 {[%clk 0:46:46]} 20. Nxe5 {[%clk 1:06:51]} Qxe5
{[%clk 0:47:07]} 21. Bd3 {[%clk 0:52:55]} Nc3 {[%clk 0:30:08]} 22. Qa1
{[%clk 0:52:16]} Qf6 {[%clk 0:28:17]} 23. Rd2 {[%clk 0:50:08]} Rc6
{[%clk 0:26:30]} 24. Rdc2 {[%clk 0:48:35]} Rdc8 {[%clk 0:26:44]} 25. Kh1
{[%clk 0:47:00]} a6 {[%clk 0:23:03]} 26. a4 {[%clk 0:41:34]} a5 {[%clk 0:18:09]}
27. Qb2 {[%clk 0:26:27]} Ne4 {[%clk 0:15:48]} 28. Qxf6 Nxf6 {[%clk 0:16:16]} 29.
Kg1 {[%clk 0:25:58]} Kf8 {[%clk 0:16:36]} 30. Kf1 {[%clk 0:26:23]} Ke7
{[%clk 0:16:44]} 31. Ke2 {[%clk 0:26:43]} Kd6 {[%clk 0:16:50]} 32. Kd2
{[%clk 0:26:48]} Rxc2+ {[%clk 0:13:54]} 33. Bxc2 {[%clk 0:27:13]} Rc6
{[%clk 0:12:12]} 34. h3 {[%clk 0:26:43]} Nd7 {[%clk 0:10:49]} 35. Rb1
{[%clk 0:24:28]} Kc5 {[%clk 0:09:45]} 36. Kc3 {[%clk 0:24:53]} Rf6
{[%clk 0:09:02]} 37. b4+ {[%clk 0:21:47]} axb4+ {[%clk 0:08:23]} 38. Rxb4
{[%clk 0:22:16]} Rxf2 {[%clk 0:07:54]} 39. Rxb7 {[%clk 0:22:04]} Kc6
{[%clk 0:07:38]} 40. Rb2 {[%clk 0:52:12]} Re2 {[%clk 0:31:31]} 41. Bd3
{[%clk 0:51:57]} Rxe3 {[%clk 0:27:34]} 42. Kd4 {[%clk 0:52:15]} Re1
{[%clk 0:26:18]} 43. Bb5+ {[%clk 0:40:29]} Kd6 {[%clk 0:26:41]} 44. Bxd7
{[%clk 0:40:53]} Re4+ {[%clk 0:16:44]} 45. Kd3 {[%clk 0:40:08]} Kxd7
{[%clk 0:17:13]} 46. Ra2 {[%clk 0:39:44]} Kc6 {[%clk 0:13:02]} 47. a5
{[%clk 0:39:51]} Kb7 {[%clk 0:13:29]} 48. a6+ {[%clk 0:39:30]} Ka7
{[%clk 0:13:53]} 49. Ra5 {[%clk 0:39:34]} Re5 {[%clk 0:13:55]} 50. Ra2
{[%clk 0:36:28]} h5 {[%clk 0:12:37]} 51. Kd4 {[%clk 0:35:57]} Rg5
{[%clk 0:12:26]} 52. Kc5 {[%clk 0:34:48]} f6 {[%clk 0:12:31]} 53. Kd4
{[%clk 0:35:05]} Rf5 {[%clk 0:12:15]} 54. Ra5 {[%clk 0:31:31]} Rf2
{[%clk 0:08:09]} 55. Rxd5 {[%clk 0:31:55]} g5 {[%clk 0:07:57]} 56. Rd6
{[%clk 0:29:33]} h4 {[%clk 0:07:39]} 57. Kc5 {[%clk 0:27:27]} f5 {[%clk 0:05:01]}
58. Kb5 {[%clk 0:27:35]} Rb2+ {[%clk 0:04:14]} 59. Ka5 {[%clk 0:27:46]} f4
{[%clk 0:01:26]} 60. Rd7+ {[%clk 0:27:40]} Ka8 {[%clk 0:01:47]} 61. Rd8+
{[%clk 0:27:41]} Ka7 {[%clk 0:01:51]} 62. Rd7+ {[%clk 0:28:03]} Ka8
{[%clk 0:02:18]} 63. Rd8+ {[%clk 0:28:27]} Rb8 {[%clk 0:02:37]} 64. Rd5
{[%clk 0:28:49]} Rg8 {[%clk 0:02:57]} 65. Rf5 {[%clk 0:29:09]} Rg7
{[%clk 0:02:15]} 66. Kb6 {[%clk 0:29:31]} Rg6+ {[%clk 0:02:40]} 67. Kb5
{[%clk 0:29:55]} Rg7 {[%clk 0:02:58]} 68. Kc5 {[%clk 0:29:52]} Ka7
{[%clk 0:03:09]} 69. Kd5 {[%clk 0:30:10]} Rd7+ {[%clk 0:01:19]} 70. Ke4
{[%clk 0:30:20]} Re7+ {[%clk 0:01:04]} 71. Re5 {[%clk 0:29:49]} Rg7
{[%clk 0:01:04]} 72. Kf3 {[%clk 0:30:11]} Kxa6 {[%clk 0:01:20]} 73. Kg4
{[%clk 0:30:35]} Kb6 {[%clk 0:01:35]} 74. Rxg5 {[%clk 0:31:00]} Rh7 75. Kxf4
{[%clk 0:29:43]} Kc6 {[%clk 0:01:55]} 76. Kf5 {[%clk 0:26:40]} Kd6
{[%clk 0:02:24]} 77. Kg6 {[%clk 0:26:45]} Rh8 {[%clk 0:02:49]} 78. Kg7
{[%clk 0:26:52]} Ra8 {[%clk 0:03:14]} 79. Rg4 {[%clk 0:27:14]} Ke5
{[%clk 0:03:22]} 80. Rxh4 {[%clk

[Event "Azerbaijan Chess Championship2015 - Men"]
[Site ""]
[Date "2015.01.13"]
[Round "7"]
[Board "8"]
[White "Rzayev, Bahruz"]
[Black "Sadikhov, Ulvi"]
[Result "0-1"]
[WhiteElo "2416"]
[BlackElo "2414"]
[PlyCount "0"]
[EventDate "2015.01.06"]
[EventRounds "9"]
[EventCountry "AZE"]

1. e4 {[%clk 1:30:59]} c5 {[%clk 1:30:56]} 2. Nf3 {[%clk 1:31:25]} e6
{[%clk 1:31:22]} 3. d4 {[%clk 1:31:50]} cxd4 {[%clk 1:31:48]} 4. Nxd4
{[%clk 1:32:17]} Nc6 {[%clk 1:32:12]} 5. Nc3 {[%clk 1:32:21]} a6 {[%clk 1:32:35]}
6. Nxc6 {[%clk 1:30:39]} bxc6 {[%clk 1:33:00]} 7. Bd3 {[%clk 1:31:02]} d6
{[%clk 1:30:35]} 8. O-O {[%clk 1:28:36]} Nf6 {[%clk 1:30:38]} 9. f4
{[%clk 1:25:33]} e5 {[%clk 1:30:20]} 10. Kh1 {[%clk 1:20:06]} Be7
{[%clk 1:30:18]} 11. b3 {[%clk 1:20:17]} O-O {[%clk 1:28:59]} 12. Qe2
{[%clk 1:16:37]} Bg4 {[%clk 1:25:46]} 13. Qf2 {[%clk 1:16:33]} exf4
{[%clk 1:25:14]} 14. Bxf4 {[%clk 1:13:25]} Be6 {[%clk 1:17:39]} 15. Rad1
{[%clk 1:12:59]} Ng4 {[%clk 1:11:26]} 16. Qd2 {[%clk 1:13:23]} Ne5
{[%clk 1:04:57]} 17. Be2 {[%clk 1:13:51]} Qc7 {[%clk 1:01:11]} 18. Na4
{[%clk 1:14:15]} Rfd8 {[%clk 0:59:02]} 19. c4 {[%clk 1:14:40]} Qb7
{[%clk 0:53:33]} 20. Qa5 {[%clk 1:07:29]} Ng6 {[%clk 0:45:45]} 21. Bg3
{[%clk 1:04:13]} Rd7 {[%clk 0:43:54]} 22. Qb6 {[%clk 0:54:45]} Ra7
{[%clk 0:35:17]} 23. Qf2 {[%clk 0:47:56]} c5 {[%clk 0:27:57]} 24. e5
{[%clk 0:44:16]} Nxe5 {[%clk 0:18:46]} 25. Nxc5 {[%clk 0:42:11]} dxc5
{[%clk 0:19:09]} 26. Bxe5 {[%clk 0:42:39]} Qe4 {[%clk 0:16:53]} 27. Qg3
{[%clk 0:37:32]} Qg6 {[%clk 0:17:15]} 28. Qf3 {[%clk 0:35:32]} h6
{[%clk 0:15:46]} 29. Rxd7 {[%clk 0:33:56]} Rxd7 {[%clk 0:15:43]} 30. Qa8+
{[%clk 0:32:52]} Rd8 {[%clk 0:14:44]} 31. Qb7 {[%clk 0:32:18]} Rd7
{[%clk 0:13:46]} 32. Qc6 {[%clk 0:31:59]} Bf5 {[%clk 0:12:41]} 33. Qxg6
{[%clk 0:21:32]} Bxg6 {[%clk 0:12:58]} 34. Bf4 {[%clk 0:21:08]} Bg5
{[%clk 0:12:38]} 35. Bxg5 {[%clk 0:18:45]} hxg5 {[%clk 0:13:03]} 36. Rd1
{[%clk 0:18:57]} Rxd1+ {[%clk 0:13:28]} 37. Bxd1 {[%clk 0:19:25]} Kf8
{[%clk 0:13:41]} 38. Kg1 {[%clk 0:19:49]} Ke7 {[%clk 0:14:04]} 39. Kf2
{[%clk 0:20:16]} Kd6 {[%clk 0:14:27]} 40. Ke3 {[%clk 0:47:52]} Ke5
{[%clk 0:44:45]} 41. Kd2 {[%clk 0:46:55]} Be4 {[%clk 0:40:09]} 42. Bf3
{[%clk 0:38:18]} g4 {[%clk 0:36:22]} 43. Bxg4 {[%clk 0:35:08]} Bxg2
{[%clk 0:36:39]} 44. h4 {[%clk 0:29:01]} f5 {[%clk 0:36:12]} 45. Bd1
{[%clk 0:27:02]} Kf4 {[%clk 0:35:27]} 46. a3 {[%clk 0:23:07]} a5 {[%clk 0:35:35]}
47. Kc3 {[%clk 0:22:02]} Kg3 {[%clk 0:35:04]} 48. b4 {[%clk 0:22:15]} axb4+
{[%clk 0:35:28]} 49. axb4 {[%clk 0:22:44]} cxb4+ {[%clk 0:35:20]} 50. Kxb4
{[%clk 0:23:13]} f4 {[%clk 0:35:27]} 51. c5 {[%clk 0:23:10]} Kxh4
{[%clk 0:35:07]} 52. Kc3 {[%clk 0:23:12]} Kg3 {[%clk 0:33:27]} 53. Ba4
{[%clk 0:21:51]} g5 {[%clk 0:31:18]} 54. c6 {[%clk 0:22:12]} Bh3 {[%clk 0:31:04]}
55. Kd4 {[%clk 0:21:46]} Bc8 {[%clk 0:30:31]} 56. Bb5 {[%clk 0:21:32]} g4
{[%clk 0:30:29]} 57. Ke4 {[%clk 0:21:04]} f3 {[%clk 0:30:45]} 58. Ke3
{[%clk 0:21:15]} Kg2 {[%clk 0:31:02]} 59. c7 {[%clk 0:21:01]} f2 {[%clk 0:31:06]}
60. Kd4 0-1

[Event "Azerbaijan Chess Championship2015 - Men"]
[Site ""]
[Date "2015.01.13"]
[Round "7"]
[Board "9"]
[White "Gasimov, Parviz"]
[Black "Sevdimaliyev, Urfan"]
[Result "1-0"]
[WhiteElo "2517"]
[BlackElo "2505"]
[PlyCount "0"]
[EventDate "2015.01.06"]
[EventRounds "9"]
[EventCountry "AZE"]

1. e4 {[%clk 1:30:55]} e5 {[%clk 1:30:20]} 2. Nf3 {[%clk 1:30:34]} Nc6
{[%clk 1:30:45]} 3. d4 {[%clk 1:30:27]} exd4 {[%clk 1:31:10]} 4. Nxd4
{[%clk 1:30:47]} Nf6 {[%clk 1:31:22]} 5. Nxc6 {[%clk 1:30:22]} bxc6
{[%clk 1:31:47]} 6. e5 {[%clk 1:30:41]} Qe7 {[%clk 1:32:06]} 7. Qe2
{[%clk 1:31:02]} Nd5 {[%clk 1:32:24]} 8. c4 {[%clk 1:30:49]} Ba6 {[%clk 1:32:40]}
9. b3 {[%clk 1:30:31]} Qh4 {[%clk 1:33:00]} 10. a3 {[%clk 1:28:15]} Bc5
{[%clk 1:31:10]} 11. g3 {[%clk 1:26:14]} Bxf2+ {[%clk 1:31:18]} 12. Qxf2
{[%clk 1:26:21]} Qe4+ {[%clk 1:31:43]} 13. Kd1 {[%clk 1:25:50]} Qxh1
{[%clk 1:32:06]} 14. Nd2 {[%clk 1:21:32]} Nc3+ {[%clk 1:32:11]} 15. Kc2
{[%clk 1:21:12]} Ne4 {[%clk 1:32:35]} 16. Nxe4 {[%clk 1:21:19]} Qxe4+
{[%clk 1:33:00]} 17. Bd3 {[%clk 1:21:43]} Qg4 {[%clk 1:33:05]} 18. Bf5
{[%clk 1:19:47]} Qh5 {[%clk 1:33:22]} 19. h4 {[%clk 1:16:28]} f6 {[%clk 1:32:18]}
20. exf6 {[%clk 1:06:50]} gxf6 {[%clk 1:32:13]} 21. Qe1+ {[%clk 0:57:46]} Kd8
{[%clk 1:30:31]} 22. g4 {[%clk 0:54:21]} Qf7 {[%clk 1:27:44]} 23. Qa5
{[%clk 0:47:45]} Bxc4 {[%clk 1:07:31]} 24. bxc4 {[%clk 0:45:34]} Qxc4+
{[%clk 1:07:44]} 25. Qc3 {[%clk 0:45:35]} Qa4+ {[%clk 1:03:48]} 26. Qb3
{[%clk 0:41:19]} Qxb3+ {[%clk 1:03:19]} 27. Kxb3 {[%clk 0:41:48]} Rb8+
{[%clk 1:03:30]} 28. Kc3 {[%clk 0:32:54]} Rb5 {[%clk 0:50:05]} 29. Bh6
{[%clk 0:24:09]} Rc5+ {[%clk 0:43:08]} 30. Kd4 {[%clk 0:22:29]} Rd5+
{[%clk 0:43:05]} 31. Kc4 {[%clk 0:22:34]} Rg8 {[%clk 0:38:45]} 32. Rb1
{[%clk 0:19:22]} Kc8 {[%clk 0:37:09]} 33. Re1 {[%clk 0:16:06]} Kd8
{[%clk 0:20:27]} 34. h5 {[%clk 0:13:02]} Ra5 {[%clk 0:17:55]} 35. Bd2
{[%clk 0:09:41]} Rxa3 {[%clk 0:05:41]} 36. Bb4 {[%clk 0:08:00]} Rf3
{[%clk 0:02:43]} 37. Be7+ {[%clk 0:05:26]} Kc8 {[%clk 0:03:12]} 38. Rd1
{[%clk 0:04:03]} Rxf5 {[%clk 0:00:41]} 39. gxf5 {[%clk 0:04:24]} Rg5
{[%clk 0:00:48]} 40. Rf1 {[%clk 0:33:36]} Rxh5 {[%clk 0:30:50]} 41. Bxf6
{[%clk 0:31:27]} d5+ {[%clk 0:23:26]} 42. Kc5 {[%clk 0:20:22]} Kd7
{[%clk 0:23:28]} 43. Bd4 {[%clk 0:19:07]} Rh3 {[%clk 0:09:52]} 44. f6
{[%clk 0:10:08]} Rb3 {[%clk 0:10:12]} 45. Bb2 {[%clk 0:09:44]} 1-0

[Event "Azerbaijan Chess Championship2015 - Men"]
[Site ""]
[Date "2015.01.13"]
[Round "7"]
[Board "10"]
[White "Iskandarov, Misratdin"]
[Black "Asadli, Vugar"]
[Result "0-1"]
[WhiteElo "2405"]
[BlackElo "2127"]
[PlyCount "0"]
[EventDate "2015.01.06"]
[EventRounds "9"]
[EventCountry "AZE"]

1. c4 {[%clk 1:30:57]} g6 {[%clk 1:30:37]} 2. Nf3 {[%clk 1:31:07]} Bg7
{[%clk 1:30:45]} 3. g3 {[%clk 1:31:30]} Nf6 {[%clk 1:30:56]} 4. Bg2
{[%clk 1:31:56]} O-O {[%clk 1:31:19]} 5. O-O {[%clk 1:32:20]} d6 {[%clk 1:31:42]}
6. Nc3 {[%clk 1:31:57]} Nc6 {[%clk 1:31:40]} 7. d4 {[%clk 1:28:00]} a6 8. b3
{[%clk 1:26:41]} Rb8 {[%clk 1:26:44]} 9. a4 {[%clk 1:20:04]} Bf5 10. Nh4
{[%clk 1:20:09]} Bd7 {[%clk 1:21:52]} 11. Bb2 e5 {[%clk 1:09:57]} 12. e3
{[%clk 1:04:45]} Qc8 {[%clk 1:09:57]} 13. Qd3 {[%clk 1:04:45]} Re8
{[%clk 1:09:57]} 14. d5 {[%clk 1:04:45]} Nb4 {[%clk 1:09:57]} 15. Qb1
{[%clk 1:04:45]} Bh3 {[%clk 1:09:57]} 16. e4 {[%clk 0:45:02]} Bxg2
{[%clk 0:51:26]} 17. Nxg2 {[%clk 0:45:07]} Nd7 {[%clk 0:49:09]} 18. Ba3
{[%clk 0:42:04]} a5 {[%clk 0:46:16]} 19. Ne3 {[%clk 0:37:42]} Nc5
{[%clk 0:44:01]} 20. Bxb4 {[%clk 0:33:55]} axb4 {[%clk 0:44:22]} 21. Na2
{[%clk 0:34:20]} Rf8 {[%clk 0:42:10]} 22. Qc2 {[%clk 0:19:05]} f5
{[%clk 0:38:59]} 23. f3 {[%clk 0:19:04]} f4 {[%clk 0:37:56]} 24. gxf4
{[%clk 0:10:26]} exf4 {[%clk 0:37:47]} 25. Ng4 {[%clk 0:10:47]} h5
{[%clk 0:34:59]} 26. Nf2 {[%clk 0:10:53]} Bxa1 27. Rxa1 {[%clk 0:11:13]} Nd7
{[%clk 0:31:23]} 28. Nd3 {[%clk 0:09:33]} c5 {[%clk 0:30:34]} 29. Qg2
{[%clk 0:08:23]} Kh7 {[%clk 0:29:10]} 30. Kh1 {[%clk 0:07:29]} Qd8
{[%clk 0:27:32]} 31. Rg1 {[%clk 0:07:43]} Qf6 {[%clk 0:27:57]} 32. Nac1
{[%clk 0:04:57]} Kh6 {[%clk 0:27:04]} 33. Nxf4 {[%clk 0:03:12]} Ne5
{[%clk 0:23:31]} 34. Nce2 {[%clk 0:02:15]} g5 {[%clk 0:20:10]} 35. Ne6
{[%clk 0:02:21]} Qxf3 {[%clk 0:20:21]} 36. Nxf8 {[%clk 0:02:33]} Rxf8
{[%clk 0:20:15]} 37. Ng3 {[%clk 0:02:38]} Qxg2+ {[%clk 0:18:19]} 38. Rxg2
{[%clk 0:01:47]} g4 {[%clk 0:17:08]} 39. Nf5+ {[%clk 0:01:14]} Kg5
{[%clk 0:16:55]} 40. Re2 {[%clk 0:30:35]} h4 {[%clk 0:45:28]} 41. Kg2
{[%clk 0:17:21]} Rf6 {[%clk 0:42:48]} 42. a5 {[%clk 0:15:14]} Ng6
{[%clk 0:41:40]} 43. Rf2 {[%clk 0:11:12]} Nf4+ {[%clk 0:40:55]} 44. Kh1
{[%clk 0:08:45]} Nd3 {[%clk 0:40:15]} 45. Rf1 {[%clk 0:09:06]} Ne5
{[%clk 0:39:53]} 46. Kg2 {[%clk 0:08:55]} Ng6 {[%clk 0:39:28]} 47. Kg1
{[%clk 0:04:45]} Ne5 {[%clk 0:38:42]} 48. Kf2 {[%clk 0:03:39]} Nf3
{[%clk 0:37:36]} 49. Kg2 {[%clk 0:01:37]} Nd2 {[%clk 0:37:01]} 50. Re1
{[%clk 0:01:56]} h3+ {[%clk 0:32:01]} 51. Kh1 {[%clk 0:00:35]} Nxe4
{[%clk 0:26:49]} 52. Ng7 {[%clk 0:00:37]} Rf2 {[%clk 0:25:49]} 53. Ne6+
{[%clk 0:00:52]} Kf6 {[%clk 0:24:55]} 54. Rg1 {[%clk 0:00:42]} Nd2
{[%clk 0:24:18]} 0-1

[Event "Azerbaijan Chess Championship2015 - Men"]
[Site ""]
[Date "2015.01.13"]
[Round "7"]
[Board "11"]
[White "Abdulov, Orkhan"]
[Black "Shabanov, Nurlan"]
[Result "1-0"]
[WhiteElo "2342"]
[BlackElo "2165"]
[PlyCount "0"]
[EventDate "2015.01.06"]
[EventRounds "9"]
[EventCountry "AZE"]

1. e4 {[%clk 1:30:13]} c5 {[%clk 1:30:53]} 2. Nf3 {[%clk 1:30:16]} e6
{[%clk 1:31:16]} 3. d4 {[%clk 1:30:35]} cxd4 {[%clk 1:31:41]} 4. Nxd4
{[%clk 1:31:01]} Nf6 {[%clk 1:32:06]} 5. Nc3 {[%clk 1:28:58]} Nc6
{[%clk 1:32:31]} 6. Ndb5 {[%clk 1:28:08]} Bb4 {[%clk 1:31:18]} 7. a3
{[%clk 1:28:14]} Bxc3+ {[%clk 1:30:53]} 8. Nxc3 {[%clk 1:28:36]} d5
{[%clk 1:31:16]} 9. exd5 {[%clk 1:27:57]} Nxd5 {[%clk 1:31:00]} 10. Bd2
{[%clk 1:27:39]} O-O {[%clk 1:26:24]} 11. Bd3 {[%clk 1:27:23]} Qh4
{[%clk 1:25:21]} 12. Nxd5 {[%clk 1:18:11]} exd5 {[%clk 1:25:35]} 13. O-O
{[%clk 1:18:21]} Bg4 {[%clk 1:15:24]} 14. f3 {[%clk 1:16:26]} Bh5
{[%clk 1:15:29]} 15. Bc3 {[%clk 1:12:28]} d4 {[%clk 1:13:07]} 16. Be1
{[%clk 1:11:18]} Qf6 {[%clk 1:13:11]} 17. Bf2 {[%clk 1:06:17]} Rfe8
{[%clk 1:10:00]} 18. Re1 {[%clk 1:01:00]} Rad8 {[%clk 1:00:34]} 19. Rxe8+
{[%clk 0:52:18]} Rxe8 {[%clk 1:00:58]} 20. Qd2 {[%clk 0:52:34]} Bg6
{[%clk 0:54:36]} 21. Re1 {[%clk 0:50:30]} Qd8 {[%clk 0:37:29]} 22. Rxe8+
{[%clk 0:44:24]} Qxe8 {[%clk 0:37:53]} 23. Bb5 {[%clk 0:44:44]} Qd7
{[%clk 0:20:58]} 24. Bxc6 {[%clk 0:42:01]} bxc6 {[%clk 0:21:04]} 25. Qb4
{[%clk 0:31:57]} f6 {[%clk 0:10:15]} 26. Bxd4 {[%clk 0:27:16]} Bxc2
{[%clk 0:09:05]} 27. Qc4+ {[%clk 0:24:40]} Kh8 {[%clk 0:06:57]} 28. Qc5
{[%clk 0:24:23]} Kg8 {[%clk 0:06:11]} 29. Qxa7 {[%clk 0:10:45]} Qxa7
{[%clk 0:06:35]} 30. Bxa7 {[%clk 0:11:10]} Kf7 {[%clk 0:06:55]} 31. Kf2
{[%clk 0:11:17]} Ke6 {[%clk 0:07:18]} 32. Bc5 {[%clk 0:11:02]} h5
{[%clk 0:06:02]} 33. Ke3 {[%clk 0:08:40]} Kd5 {[%clk 0:03:37]} 34. Bf8
{[%clk 0:08:54]} g6 {[%clk 0:03:27]} 35. Kd2 {[%clk 0:06:45]} Ba4
{[%clk 0:02:49]} 36. Kc3 {[%clk 0:07:10]} c5 {[%clk 0:02:46]} 37. Kd3
{[%clk 0:06:41]} Bb5+ {[%clk 0:02:32]} 38. Ke3 {[%clk 0:07:02]} Bf1
{[%clk 0:02:02]} 39. Kf2 {[%clk 0:06:32]} Bb5 {[%clk 0:02:29]} 40. Kg3
{[%clk 0:36:26]} Bd7 {[%clk 0:31:43]} 41. Be7 {[%clk 0:36:10]} f5
{[%clk 0:31:47]} 42. Kf4 {[%clk 0:36:18]} c4 {[%clk 0:22:43]} 43. Bf8
{[%clk 0:33:11]} Ke6 {[%clk 0:21:32]} 44. Ke3 {[%clk 0:33:19]} Kd5
{[%clk 0:21:13]} 45. Be7 {[%clk 0:33:29]} Ke5 {[%clk 0:18:29]} 46. Kd2
{[%clk 0:33:12]} Kd4 {[%clk 0:15:38]} 47. Bf6+ {[%clk 0:33:33]} Kc5
{[%clk 0:10:43]} 48. Kc3 {[%clk 0:33:48]} Bc6 {[%clk 0:05:27]} 49. Be7+
{[%clk 0:33:58]} Kd5 {[%clk 0:04:35]} 50. Kb4 {[%clk 0:34:07]} Kd4
{[%clk 0:04:47]} 51. a4 {[%clk 0:32:57]} Ke3 {[%clk 0:01:46]} 52. a5
{[%clk 0:29:55]} Kd4 {[%clk 0:01:14]} 53. a6 {[%clk 0:29:31]} Kd5
{[%clk 0:00:42]} 54. Ka5 {[%clk 0:27:10]} Ke6 {[%clk 0:00:32]} 55. Kb6
{[%clk 0:27:17]} Kd7 {[%clk 0:00:34]} 56. Bf6 {[%clk 0:26:07]} Bd5
{[%clk 0:00:59]} 57. Kc5 {[%clk 0:25:44]} Ke6 {[%clk 0:00:38]} 58. h4
{[%clk 0:24:53]} Ba8 {[%clk 0:00:32]} 59. Bc3 {[%clk 0:24:04]} Kd7
{[%clk 0:00:32]} 60. Kxc4 {[%clk 0:24:00]} Kc6 {[%clk 0:00:35]} 61. Bd4
{[%clk 0:24:15]} Kc7 {[%clk 0:00:43]} 62. Kc5 {[%clk 0:24:20]} Kb8
{[%clk 0:00:43]} 63. b4 1-0

[Event "Azerbaijan Chess Championship2015 - Men"]
[Site ""]
[Date "2015.01.14"]
[Round "8"]
[Board "1"]
[White "Safarli, Eltaj"]
[Black "Guseinov, Gadir"]
[Result "1/2-1/2"]
[WhiteElo "2635"]
[BlackElo "2610"]
[PlyCount "0"]
[EventDate "2015.01.06"]
[EventRounds "9"]
[EventCountry "AZE"]

1. e4 {[%clk 1:30:41]} c5 {[%clk 1:30:57]} 2. Nf3 {[%clk 1:31:07]} Nc6
{[%clk 1:31:20]} 3. Bb5 {[%clk 1:31:18]} d6 {[%clk 1:31:11]} 4. O-O
{[%clk 1:31:26]} Bd7 {[%clk 1:31:09]} 5. Re1 {[%clk 1:31:21]} a6 {[%clk 1:29:24]}
6. Bxc6 {[%clk 1:30:04]} Bxc6 {[%clk 1:29:02]} 7. d4 {[%clk 1:30:03]} cxd4
{[%clk 1:28:05]} 8. Nxd4 {[%clk 1:23:52]} Rc8 {[%clk 1:23:48]} 9. Nxc6
{[%clk 1:22:24]} Rxc6 {[%clk 1:23:42]} 10. Nc3 {[%clk 1:22:47]} e6
{[%clk 1:18:49]} 11. Qg4 {[%clk 1:21:04]} Nf6 {[%clk 1:15:55]} 12. Qg3
{[%clk 1:19:44]} g6 {[%clk 1:10:29]} 13. Nd5 {[%clk 1:17:59]} Bg7
{[%clk 1:09:53]} 14. Bg5 {[%clk 1:18:19]} O-O {[%clk 1:09:24]} 15. Nxf6+
{[%clk 1:16:10]} Bxf6 {[%clk 1:09:42]} 16. Bxf6 {[%clk 1:16:34]} Qxf6
{[%clk 1:10:07]} 17. c3 {[%clk 1:16:59]} Rd8 {[%clk 1:08:16]} 18. Rad1
{[%clk 1:12:29]} d5 {[%clk 1:06:48]} 19. exd5 {[%clk 1:11:24]} Rcd6
{[%clk 1:04:57]} 20. Re5 {[%clk 1:10:12]} Rxd5 {[%clk 0:59:33]} 21. Rexd5
{[%clk 1:10:03]} Rxd5 {[%clk 0:58:59]} 22. Rxd5 {[%clk 1:10:25]} exd5
{[%clk 0:59:16]} 23. Qb8+ {[%clk 1:10:49]} Kg7 {[%clk 0:59:37]} 24. Qxb7
{[%clk 1:11:04]} Qe6 {[%clk 0:59:05]} 25. g3 {[%clk 1:09:31]} Qe1+
{[%clk 0:57:56]} 26. Kg2 {[%clk 1:07:17]} Qe4+ {[%clk 0:58:18]} 27. Kg1
{[%clk 1:07:42]} Qe1+ {[%clk 0:58:35]} 28. Kg2 {[%clk 1:08:09]} Qe4+
{[%clk 0:59:00]} 29. Kg1 {[%clk 1:08:36]} Qe1+ {[%clk 0:59:24]} 30. Kg2
{[%clk 1:09:03]} Qe4+ {[%clk 0:59:49]} 1/2-1/2

[Event "Azerbaijan Chess Championship2015 - Men"]
[Site ""]
[Date "2015.01.14"]
[Round "8"]
[Board "2"]
[White "Mamedov, Rauf"]
[Black "Abasov, Nijat"]
[Result "1-0"]
[WhiteElo "2642"]
[BlackElo "2530"]
[PlyCount "0"]
[EventDate "2015.01.06"]
[EventRounds "9"]
[EventCountry "AZE"]

1. e4 {[%clk 1:30:49]} e5 {[%clk 1:29:05]} 2. Bc4 {[%clk 1:31:15]} Nf6
{[%clk 1:29:11]} 3. d3 {[%clk 1:31:41]} c6 {[%clk 1:29:24]} 4. Nf3
{[%clk 1:32:07]} d5 {[%clk 1:29:36]} 5. Bb3 {[%clk 1:32:34]} Bb4+
{[%clk 1:29:53]} 6. Bd2 {[%clk 1:33:01]} Bxd2+ {[%clk 1:30:13]} 7. Nbxd2
{[%clk 1:33:28]} Bg4 {[%clk 1:30:04]} 8. h3 {[%clk 1:33:55]} Bxf3
{[%clk 1:30:26]} 9. Qxf3 {[%clk 1:34:22]} Qd6 {[%clk 1:29:38]} 10. g4
{[%clk 1:34:34]} O-O {[%clk 1:13:04]} 11. g5 {[%clk 1:33:28]} dxe4
{[%clk 1:13:26]} 12. dxe4 {[%clk 1:33:50]} Nfd7 {[%clk 1:13:51]} 13. Nc4
{[%clk 1:26:49]} Qe7 {[%clk 1:10:25]} 14. h4 {[%clk 1:26:45]} Nc5
{[%clk 1:10:12]} 15. O-O-O {[%clk 1:26:26]} Nxb3+ {[%clk 1:02:46]} 16. Qxb3
{[%clk 1:21:44]} Na6 {[%clk 1:02:57]} 17. Nd6 {[%clk 1:21:40]} Nc5
{[%clk 1:00:03]} 18. Qc3 {[%clk 1:10:56]} Na4 {[%clk 0:55:40]} 19. Qa3
{[%clk 1:09:55]} Nb6 {[%clk 0:53:16]} 20. Rh3 {[%clk 1:06:17]} Rfd8
{[%clk 0:43:58]} 21. Rhd3 {[%clk 0:52:43]} Rd7 {[%clk 0:35:46]} 22. Qb3
{[%clk 0:27:03]} Rad8 {[%clk 0:34:05]} 23. Nxb7 {[%clk 0:23:07]} Rxd3
{[%clk 0:34:28]} 24. Rxd3 {[%clk 0:23:34]} Rd4 {[%clk 0:34:49]} 25. Na5
{[%clk 0:19:25]} Qc7 {[%clk 0:27:40]} 26. Rxd4 {[%clk 0:16:53]} exd4
{[%clk 0:28:04]} 27. Qg3 {[%clk 0:17:16]} Qd7 {[%clk 0:24:12]} 28. Qb8+
{[%clk 0:13:42]} Nc8 {[%clk 0:24:36]} 29. Nc4 {[%clk 0:11:48]} Qg4
{[%clk 0:24:23]} 30. b3 {[%clk 0:11:20]} h6 {[%clk 0:24:39]} 31. f3
{[%clk 0:09:45]} Qe6 {[%clk 0:24:11]} 32. f4 {[%clk 0:06:23]} f5 {[%clk 0:18:53]}
33. Nd6 {[%clk 0:05:11]} 1-0